000 00711nam a2200253Ia 4500
003 OSt
005 20220923223121.0
006 a|||||r|||| 00| 0
007 ta
008 220922b |||||||| |||| 00| 0 hin d
024 _a211,156
037 _cTextual
040 _aARTS
_cARTS
_bhin
041 _2hin
_ahin
082 _aO152,3N3512,4, M9
100 _aकामता नाथ
245 0 _aसुबह होने तक
246 _aSubah hone taka
250 _aसंस्क 2
260 _aहापु़ड़
_b सृजन
_c1989
300 _a126पृ.
_ccm.
942 _hO152,3N3512,4, M9
_cTEXL
_2CC
999 _c361435
_d361435